[Event "Abu Dhabi Masters"]
[Site "Abu Dhabi UAE"]
[Date "2017.08.15"]
[EventDate "2017.08.14"]
[Round "2.61"]
[Result "1-0"]
[White "Vugar Manafov"]
[Black "Sultan Al-Zaabi"]
[WhiteElo "2240"]
[BlackElo "1747"]
[PlyCount "133"]

1. d4 Nf6 2. c4 g6 3. g3 c6 4. Bg2 d5 5. cxd5 cxd5 6. Nc3 Bg7
7. Nf3 O-O 8. Ne5 Ng4 9. Nf3 Nf6 10. O-O Ne4 11. Ng5 Nxc3
12. bxc3 h6 13. Nh3 Bxh3 14. Bxh3 Nc6 15. Bg2 e6 16. e4 Ne7
17. Qb3 Qd7 18. Ba3 dxe4 19. Bxe4 Rab8 20. Rfd1 Rfc8 21. Bc1
Qc7 22. Bf4 e5 23. dxe5 Bxe5 24. Bxh6 Qxc3 25. Qxc3 Rxc3
26. Rab1 Rc7 27. Re1 Kh7 28. Bg5 f6 29. Be3 b6 30. Rbd1 Rbc8
31. f4 Bc3 32. Re2 f5 33. Bf3 Bf6 34. Kf1 Kg7 35. a4 Rc3
36. Rd7 R8c7 37. Rxc7 Rxc7 38. Ra2 Rc3 39. Kf2 Kf7 40. a5 bxa5
41. Rxa5 Rc2+ 42. Be2 Nc6 43. Ra4 a5 44. Kf1 Rb2 45. Rc4 Ne7
46. Ba7 Rb7 47. Bc5 Rb1+ 48. Kf2 Rb5 49. Ba3 Rb3 50. Ra4 Bd4+
51. Kg2 Re3 52. Bc4+ Kf6 53. Rxa5 Rc3 54. Ra6+ Kg7 55. Be6
Rc2+ 56. Kf1 Rc7 57. Ra8 Kf6 58. Ba2 Rc2 59. Ra6+ Kg7 60. Bxe7
Rf2+ 61. Ke1 Rxh2 62. Bc4 Bf2+ 63. Kd1 Bd4 64. Rd6 Rh1+
65. Kc2 Rh2+ 66. Kd3 Bb2 67. Rd7 1-0